Том 60 (85); Византийский временник

Podrobná bibliografie
Parent link:Византийский временник: ежегодник/ Российская академия наук (РАН), Институт всеобщей истории (ИВИ). Том 60 (85).— , 1949-
Další autoři: Литаврин Г. Г. (редактор)
Jazyk:ruština
Vydáno: 2001
Témata:
Médium: Kniha
KOHA link:https://koha.lib.tpu.ru/cgi-bin/koha/opac-detail.pl?biblionumber=31194

MARC

LEADER 00000nam2a2200000 4500
001 31194
005 20231101210024.0
010 |a 5020101869 
035 |a (RuTPU)RU\TPU\book\31471 
035 |a BOOK00031550 
090 |a 31194 
100 |a 20011209d2001 k y0rusy50 ca 
101 0 |a rus 
102 |a RU 
105 |a y z 000zy 
200 0 |a Том 60 (85)  |f под ред. Г. Г. Литаврина 
210 |d 2001 
215 |a 256 с. 
461 1 |0 (RuTPU)RU\TPU\book\24037  |t Византийский временник  |o ежегодник  |f Российская академия наук (РАН), Институт всеобщей истории (ИВИ)  |v Том 60 (85)  |d 1949- 
606 1 |a Византия  |x История  |2 stltpush  |3 (RuTPU)RU\TPU\subj\59047  |9 76695 
610 1 |a история 
610 1 |a средние века 
610 1 |a христианство 
610 1 |a искусство 
610 1 |a культура 
686 |a Т3(0)4-9  |v LBC/SL-A  |2 rubbk 
702 1 |a Литаврин  |b Г. Г.  |4 340 
801 0 |a RU  |b 63413507  |c 20011209  |g PSBO 
801 2 |a RU  |b 63413507  |c 20230407  |g PSBO 
942 |c BK